| 000 | 00703nam a2200217 a 4500 | ||
|---|---|---|---|
| 001 | 000023642 | ||
| 005 | 20200930022352.0 | ||
| 008 | 101216s1948 ag 000 0 spa d | ||
| 040 |
_aDO-SdBNP _bspa _cBNPHU |
||
| 041 | 1 | 7 |
_aspa _heng _2Código de idiomas MARC |
| 082 |
_ann* _bnn* |
||
| 100 | 1 |
_aStuart Mill, John. _948719 |
|
| 245 | 1 | 0 |
_aAutobiografía / _cJohn Stuart Mill ; traducción Juan Uña. |
| 250 | _a4a ed. | ||
| 260 |
_aBuenos Aires : _bEspasa-Calpe Argentina, _c1948. |
||
| 300 |
_a174, [9] p. ; _c18 cm. |
||
| 490 | 1 |
_aAustral. Biografías y vidas novelescas _v83 |
|
| 700 | 1 |
_aUña, Juan, _etr. _948720 |
|
| 830 | 0 |
_aAustral ; _pBiografías y vidas novelescas _v83 _942099 |
|
| 049 | _aBNGR | ||
| 999 |
_c23138 _d23138 |
||